| 000 | 00725nam a2200253 a 4500 | ||
|---|---|---|---|
| 008 | |||
| 020 | _a040801248X (pbk.) | ||
| 049 | _aMAIN | ||
| 090 | _aTA549 | ||
| 100 | 1 | _aBarnes, W. M. | |
| 245 | 1 | 0 |
_aBASIC surveying / _cW. M. Barnes. |
| 260 |
_aLondon : _bButterworths , _c1988. |
||
| 300 |
_a196 p. : _bill. ; _c22 cm. |
||
| 440 | 0 | _aButterworths BASIC series. | |
| 504 | _aIncludes bibliographical references. | ||
| 500 | _aIncludes index. | ||
| 650 | 0 |
_aSurveying _xData processing. |
|
| 650 | 0 | _aBASIC (Computer program language). | |
| 907 |
_a.b10123878 _b13-01-06 _c01-06-04 |
||
| 003 | |||
| 005 | 20230123133839.0 | ||
| 040 | _cNUST | ||
| 942 |
_cBOOKS _kTA549 |
||
| 999 |
_c155649 _d155649 |
||